Los 1500 errores más frecuentes de español.
Guardat en:
| Autor principal: | |
|---|---|
| Format: | Llibre |
| Publicat: |
Barcelona, España:
De Vecchi, S.A.,
1971.
|
| Matèries: | |
| Etiquetes: |
Afegir etiqueta
Sense etiquetes, Sigues el primer a etiquetar aquest registre!
|
MARC
| LEADER | 00000nam a22000007a 4500 | ||
|---|---|---|---|
| 003 | CL-VaPUC | ||
| 005 | 20220822114529.0 | ||
| 008 | 220629t1971. ||||| |||| 00| 0 eng d | ||
| 999 | |c 436485 |d 436483 | ||
| 040 | |c Pontificia Universidad Católica de Valparaíso | ||
| 082 | 7 | |a 465 SAL 1971 |2 22 | |
| 100 | 1 | |a Salas, Rodrigo |e autor |9 871676 | |
| 245 | 1 | 4 | |a Los 1500 errores más frecuentes de español. |
| 260 | |a Barcelona, España: |b De Vecchi, S.A., |c 1971. | ||
| 300 | |a 247 páginas. | ||
| 500 | |a c.1 Donación Familia Prof. Alejandro Guzmán Brito. | ||
| 583 | |c 20220629 |k Cristina María Rojas Aguilar | ||
| 650 | |a Lengua española |x Errores de uso |9 871994 | ||
| 942 | |2 ddc |c BK |n 0 | ||
| 952 | |0 0 |1 0 |2 ddc |4 0 |6 465_000000000000000_SAL_1971 |7 0 |8 C_AGB |9 584150 |a BIBDER |b BIBDER |d 2022-06-29 |e Donación |i 5652298 |o 465 SAL 1971 |p 5652298 |r 2023-01-25 |t 1 |w 2022-06-29 |y BK_US |k AGB | ||